German swearing (Record no. 4765)
[ view plain ]
| 000 -CABECERA | |
|---|---|
| campo de control de longitud fija | 00980nam a22001697a 4500 |
| 008 - DATOS DE LONGITUD FIJA--INFORMACIÓN GENERAL | |
| campo de control de longitud fija | 250618b |||||||| |||| 00| 0 eng d |
| 040 ## - FUENTE DE LA CATALOGACIÓN | |
| Centro/agencia transcriptor | tbs |
| 041 ## - CÓDIGO DE LENGUA | |
| Código de lengua del texto/banda sonora o título independiente | ger |
| -- | eng |
| 100 ## - ENTRADA PRINCIPAL--NOMBRE DE PERSONA | |
| Nombre de persona | Purrucker, Dirk |
| 9 (RLIN) | 25508 |
| Término indicativo de función/relación | author |
| 245 ## - MENCIÓN DE TÍTULO | |
| Título | German swearing |
| Resto del título | : top German insults and how to use them |
| Mención de responsabilidad, etc. | / Dirk Purrucker. |
| 260 ## - PUBLICACIÓN, DISTRIBUCIÓN, ETC. | |
| Lugar de publicación, distribución, etc. | [Place of publication not identified] : |
| Nombre del editor, distribuidor, etc. | [Publisher not identified], |
| Fecha de publicación, distribución, etc. | [date of publication not identified]. |
| 300 ## - DESCRIPCIÓN FÍSICA | |
| Extensión | 10 pages ; |
| Dimensiones | 23 cm. |
| 520 ## - SUMARIO, ETC. | |
| Sumario, etc. | If you've ever wanted to find out if German swearing is as mean as it can sound, you have found your book. Including dozens of commonly used swear words and phrases used all across Germany, you will be exposed to an overview of dozens of most common German swear words, examples and light social commentary. This book is a must for any German swearing fan. |
| 650 #0 - PUNTO DE ACCESO ADICIONAL DE MATERIA--TÉRMINO DE MATERIA | |
| Término de materia o nombre geográfico como elemento de entrada | German language |
| Subdivisión de forma | Conversation and phrase books |
| Subdivisión general | English |
| 9 (RLIN) | 25335 |
| 650 #0 - PUNTO DE ACCESO ADICIONAL DE MATERIA--TÉRMINO DE MATERIA | |
| Término de materia o nombre geográfico como elemento de entrada | German language |
| Subdivisión general | Self-instruction |
| 9 (RLIN) | 24644 |
| 942 ## - ELEMENTOS DE ENTRADA AGREGADA (KOHA) | |
| Fuente del sistema de clasificación o colocación | Clasificación de Library of Congress |
| Estado de retiro | Estado de pérdida | Fuente del sistema de clasificación o colocación | Estado dañado | No para préstamo | Biblioteca de origen | Biblioteca actual | Fecha de adquisición | Total de préstamos | Signatura topográfica completa | Código de barras | Fecha visto por última vez | Número de copia | Precio válido a partir de | Tipo de ítem Koha |
|---|---|---|---|---|---|---|---|---|---|---|---|---|---|---|
| Clasificación de Library of Congress | TBS Barcelona | TBS Barcelona | 18/06/2025 | P-DE LEARN PUR | B07571 | 18/06/2025 | 1 | 18/06/2025 | Teach Yourself German |

